[Event "Bermuda"]
[Site "Bermuda"]
[Date "2004.01.17"]
[Round "3"]
[White "Movsesian, Sergei"]
[Black "Macieja, Bartlomiej"]
[Result "1/2-1/2"]
[WhiteElo "2639"]
[BlackElo "2653"]
[Annotator "Rogozenco,D"]
[PlyCount "49"]
[EventDate "2004.01.15"]
[EventType "tourn"]
[EventRounds "10"]
[EventCountry "BER"]
[EventCategory "16"]
[SourceTitle "CBM 099"]
[Source "ChessBase"]
[SourceDate "2004.03.30"]
[SourceVersion "1"]
[SourceVersionDate "2004.03.30"]
[SourceQuality "1"]

1. e4 c5 2. Nf3 g6 3. d4 cxd4 4. Nxd4 Nc6 5. Nc3 Bg7 6. Be3 Nf6 7. Bc4 d6 8. f3
Qb6 {I used to consider this line as dubious for Black. White can sacrifice a
pawn and obtain a long-term initiative. Nevertheless I must admit that Black
has a point too - players who like to defend might claim that without visible
weaknesses Black gets reasonable chances.} 9. Bb5 {A safe move. White is
marginally better after it, but the position is pretty drawish.} (9. Nf5 {
is the principled answer.} Qxb2 10. Nxg7+ Kf8 11. Nd5 Nxd5 12. Bxd5 Kxg7 13.
O-O Qc3 {The critical position for the evaluation of 8...Qb6. White can choose
to protect the e3-bishop by either 14.Qc1 or 14.Re1. In both cases he gets
good compensation for the pawn, but the whole game is ahead: as mentioned
before, self-confident players with Black would consider that their chances
are not worse.}) (9. Ncb5 Qa5+ 10. c3 O-O 11. O-O a6 12. Na3 Qc7 13. Bb3 Na5
14. c4 Bd7 15. Rc1 Rac8 16. Ba4 Bxa4 17. Qxa4 Nc6 18. Rfd1 Nxd4 19. Bxd4 Nd7
20. Bxg7 {1/2-1/2 Kunte,A-Macieja,B/Istanbul 2000}) 9... Qc7 10. Nd5 Nxd5 11.
exd5 a6 12. Bxc6+ (12. Nxc6 axb5 13. Bd4 ({weaker is} 13. Nd4 Qc4) 13... Bxd4
14. Qxd4 O-O 15. Nb4 {is another possibility to fight for a slight advantage.})
12... bxc6 13. Nxc6 Bb7 14. Bd4 Bxd4 15. Qxd4 O-O 16. O-O-O Bxc6 17. dxc6 Qxc6
18. Rhe1 (18. h4 Rfc8 $11) 18... Rfc8 (18... Rac8 19. Rd2 Rc7 20. Re3 Qb5 21.
b3 Rfc8 22. Kb2 a5 23. a4 Qf5 24. Red3 Rc5 $11 {1/2-1/2 Bykhovsky,A-Stein,L/
Tallinn 1965 (87)}) 19. Rd2 Rc7 20. Re3 Qb5 21. Qd5 $11 Rac8 22. Qxb5 axb5 23.
a3 Kf8 24. c3 Rc5 25. Kc2 1/2-1/2

[Event "Tan Chin Nam Cup 3rd "]
[Site "Beijing"]
[Date "1997.08.14"]
[Round "5"]
[White "Xie, Jun"]
[Black "Tiviakov, Sergei"]
[Result "1-0"]
[WhiteElo "2495"]
[BlackElo "2590"]
[Annotator "Schulz,Andre"]
[PlyCount "99"]
[EventDate "1997.08.11"]
[EventType "tourn"]
[EventRounds "11"]
[EventCountry "CHN"]
[EventCategory "12"]
[SourceTitle "CBM 061"]
[Source "ChessBase"]
[SourceDate "1997.11.23"]
[SourceVersion "1"]
[SourceVersionDate "1997.11.23"]
[SourceQuality "1"]

1. e4 c5 2. Nf3 d6 3. d4 cxd4 4. Nxd4 Nf6 5. Nc3 g6 6. Be3 Bg7 7. f3 Nc6 8. Qd2
Bd7 (8... O-O) 9. g4 h5 $5 {Gibt der Partie eine völlig andere Richtung.} (9...
O-O 10. O-O-O {- 8...0-0 9.0-0-0 Bd7}) 10. g5 Nh7 {Auf Kosten dieses schlecht
stehenden N hat Schwarz den weißen Schablonen-Mattangriff mit h4-h5 usw.
unterbunden.} 11. O-O-O Rc8 (11... O-O 12. Kb1 Re8 13. h4 Rc8 14. Nd5 e6 15.
Nc3 a6 16. Nb3 Bf8 17. Bf4 $14 {Bednarski,J-Letelier,R/Havana 1967/MCD-r6/1-0 
(38)}) 12. Kb1 O-O 13. h4 Ne5 14. f4 Ng4 15. Bg1 e5 16. fxe5 (16. Nb3 exf4 17.
Qxf4 Be5) 16... Nxe5 17. Nd5 Bg4 18. Be2 Nc4 19. Qe1 Bxe2 20. Qxe2 Re8 21. Rh3
b5 (21... f5 $5 22. gxf6 Nxf6 23. Nxf6+ Qxf6 $13) 22. Rc3 Qd7 (22... a6 $5 23.
b3 Ne5) 23. b3 Na3+ 24. Kb2 Rxc3 25. Nxc3 b4 26. Nd5 a5 27. c3 f5 28. cxb4 Rxe4
29. Qd3 axb4 30. Nxb4 Nb5 31. Qc4+ Kh8 32. a4 Nxd4 33. Bxd4 Rxh4 34. Ka3 {
/\ Bxg7} (34. Bxg7+ $4 Qxg7+ $19 {[%cal Yg7b2]}) 34... Re4 (34... Nxg5 $4 35.
Bxg7+ $18) 35. Bxg7+ Kxg7 36. Qc3+ Kf7 (36... Kg8) 37. Nd5 $1 (37. Qh8 Nxg5 38.
Nd5 {[%cal Yh8f6]} Qe6 (38... Re6 39. Rc1 $18) 39. Qd8 Nh7 (39... Nf3 40. Rc1
Kg7 41. Rc7+ Kh6 42. Nf6 $18) 40. Rc1 Kg7 41. Rc7+ Kh6 42. Ne7 {[%cal Ye7g8]}
Nf6 (42... Ng5 43. Qf8+ Kh7 44. Nxf5+ $18) 43. Qh8+ Kg5 44. Nxg6 Re3 $19 {
[%cal Ye3b3,Re6b3]} (44... Kxg6 $4 45. Rg7#)) 37... Qd8 {[%cal Gd8f6,Gd8h8]}
38. Qc6 Ke6 $2 (38... Nxg5 39. Nc7 (39. Nc3 Re6) 39... Ke7 40. Nd5+ $11) 39.
Nc3 {[%cal Rc6d5,Rc3e4,Rc3b5]} (39. Nc7+ Ke7 40. Nd5+ $11) 39... Nxg5 40. Nxe4
Nxe4 41. Qd5+ Ke7 42. Rc1 Qb6 43. a5 Qa7 44. Qb5 Qd4 45. a6 Kf6 46. Qb8 Qd2 47.
Qd8+ Ke5 48. Qc7 Qd3 49. a7 Qa6+ 50. Kb2 (50. Kb2 Z0 51. Ra1 $140 Qe2+ 52. Qc2
$18) 1-0

[Event "RUS-ch51"]
[Site "St Petersburg"]
[Date "1998.07.30"]
[Round "3"]
[White "Motylev, Alexander"]
[Black "Tiviakov, Sergei"]
[Result "0-1"]
[WhiteElo "2465"]
[BlackElo "2655"]
[Annotator "Schulz,Andre"]
[PlyCount "80"]
[EventDate "1998.07.28"]
[EventType "swiss"]
[EventRounds "11"]
[EventCountry "RUS"]
[SourceTitle "CBM 067"]
[Source "ChessBase"]
[SourceDate "1998.11.30"]
[SourceVersion "2"]
[SourceVersionDate "1998.11.01"]
[SourceQuality "1"]

1. e4 c5 2. Nf3 d6 3. d4 cxd4 4. Nxd4 Nf6 5. Nc3 g6 6. Be3 Bg7 7. f3 Nc6 8. Qd2
Bd7 (8... O-O) 9. O-O-O Rc8 {Die derzeitige Dracheninterpretation von Tiviakov
sieht eine Rochde nicht vor} 10. Bh6 {Dieser prinzipielle Zug ist bisher noch
nicht vorgekommen. Für Weiß gilt ja fast immer: Wenn man den Lg7 ohne Schaden
tauschen kann, ist der Drachenzahn gezogen.} Bxh6 (10... Nxe4 11. fxe4 Bxd4 {
sieht angesichts des für alle Zeiten in der Mitte verbleibenden schwarzen
Königs kaum gesund aus.}) (10... O-O 11. Bxg7 Kxg7 12. h4 {und Schwarz steht
am Königsflügel sehr gefährdet.} Nxd4 13. Qxd4) 11. Qxh6 Nxd4 12. Rxd4 Qa5 {
[%cal Ya5a2,Rc8c3] Droht Txc3. Das Qualitätsopfer sieht weniger stark aus als
in anderen Drachenabspielen, weil Schwarz ja noch ohne den Th8 spielt.
Andererseits bleibt der Turm nur so lange außer Spiel, wie die (wertvollere)
Dame auf h6 verweilt.} 13. Rc4 ({Nach dem "natürlicher" aussehendem} 13. Bc4 {
folgt} b5 14. Bb3 Rxc3 15. bxc3 Qxc3 16. Rdd1 a5 17. Kb1 a4 18. Rd3 Qb4 19. a3
Qc5 {und Schwarz steht ausgezeichnet.}) 13... Bc6 14. Be2 a6 15. a3 Qh5 16.
Qxh5 Nxh5 $11 17. Rd1 Nf4 18. Bf1 h5 19. g3 Ne6 20. Nd5 h4 21. Nb6 Rd8 22. Rc3
hxg3 23. hxg3 Nc7 24. Nc4 Rh5 25. b4 Nb5 26. Rcd3 Rh2 27. R3d2 Rh1 28. Kb2 Rg1
29. Rh2 e5 $2 {Stellt einen Bauern ein.} (29... Rxg3 $5 30. Ne5 (30. Rh8+ $6
Kd7 31. Ne5+ Kc7 32. Rxd8 Kxd8 33. Nxf7+ $2 Ke8 34. Nh8 Kf8 $19 {[%csl Rh8]})
30... e6 31. Rh8+ Ke7 32. Rxd8 Kxd8 33. a4 Na7 34. Nxf7+ Ke7 35. Nxd6 Rxf3 $11)
30. Rh8+ (30. Nxe5 $2 dxe5 31. Rh8+ Ke7 32. Rhxd8 Rxf1 $15) 30... Ke7 31. Rxd8
Kxd8 32. Nxe5 Be8 33. Bxb5 $2 {Stellt eine Qualität ein.} (33. a4 Nc7 34. Nc4
$16) 33... Rxd1 34. Bxe8 Kxe8 35. Nd3 Rf1 36. f4 Rg1 37. Kc3 Rxg3 38. Kd4 Rg2
39. c4 Rd2 40. a4 f6 0-1

[Event "Clarin GP final"]
[Site "Villa Gesell"]
[Date "1997.03.08"]
[Round "6"]
[White "Zarnicki, Pablo Adrian"]
[Black "Hoffman, Alejandro"]
[Result "0-1"]
[WhiteElo "2560"]
[BlackElo "2480"]
[Annotator "Schulz,Andre"]
[PlyCount "164"]
[EventDate "1997.03.02"]
[EventType "tourn"]
[EventRounds "11"]
[EventCountry "ARG"]
[EventCategory "11"]
[SourceTitle "CBM 058"]
[Source "ChessBase"]
[SourceDate "1997.06.01"]
[SourceVersion "1"]
[SourceVersionDate "1997.06.01"]
[SourceQuality "1"]

1. e4 {Baburin} c5 2. Nf3 d6 3. d4 cxd4 4. Nxd4 Nf6 5. Nc3 g6 6. Be3 Bg7 7. f3
Nc6 8. Qd2 Bd7 9. O-O-O Rc8 10. g4 Ne5 11. h4 h5 12. g5 Nh7 {Dieses Abspiel
könnte man 'Mestel'-Variante nennen. Der englische Großmeister und
Problemspezialist hat damit Ende der 70er/Anfang der 80er experimentiert. Die
Problemfrage ist: "Wie findet der Nh7 zurück ins Spiel?"} 13. Kb1 (13. f4 Ng4
14. Bh3 (14. Bg1 O-O 15. Rh3 e5 (15... a6 16. Nb3 Bc6 17. Nd5 b5 18. Rd3 e6 19.
Nb6 Bxe4 20. Nxc8 Bxd3 21. Qxd3 Qxc8 22. Qxd6 e5 {Iskov,G-Mestel,A/Esbjerg
1981/0-1 (60)}) 16. Ndb5 exf4 {0-1 Sigurjonsson,G-Mestel,A/Esbjerg 1978 (39)})
14... Qa5 15. Rhe1 O-O 16. Nb3 Qa6 17. Bd4 Bxd4 18. Qxd4 {1-0 Short,N-Mestel,A/
BCF-ch 1987 (38)}) 13... O-O 14. f4 Ng4 15. Bg1 e5 16. Ndb5 (16. Nf3 Be6 17.
fxe5 Nxe5 {Littlewood,P-Mestel,A/London Aaronson 1978/1-0 (52)}) 16... exf4 17.
Qxf4 a6 (17... Be5 $5 18. Qd2 Qa5) (17... Be5 $5 {Baburin}) 18. Nxd6 Rxc3 19.
bxc3 {Baburi: [#]This game is a typical example of the Sicilian (...Rxc3)
Exchange sacrifice; Black has long term compensation in form of better pawn
structure. Although it hard to say whether Black has full compensation in this
particular case, he certainly has good practical chances.} Qa5 {[%cal Ra5c3,
Rc3b2] Mit einer deutlich erkennbaren Absicht.} (19... Bxc3 20. Nxb7 $18) 20.
Bd4 Be6 21. Nc4 (21. Bc4 $5) (21. Bc4 $142 $5 {Baburin}) 21... Qa4 22. Bxg7 (
22. Qc7 Rc8 23. Qxb7 Rxc4 (23... Bf8 $5) 24. Bxc4 Bxc4 25. Qb2 Bf8 $13) 22...
Kxg7 23. Ne3 (23. Qd6 Rc8 $13 (23... Bxc4 $2 24. Qd4+)) (23. Qd6 $142 {Baburin}
) 23... Qxa2+ 24. Kc1 Qa3+ 25. Kd2 (25. Kb1 $4 Ba2+ 26. Ka1 Nxe3 27. Qxe3 $140
Bb3+ 28. Kb1 Qa2+ 29. Kc1 Qxc2#) 25... Rc8 26. Bd3 Qxc3+ 27. Ke2 Nf8 {Nun darf
dieser N auch wieder mitspielen.} 28. Rb1 b5 29. Rhf1 Nd7 30. Nxg4 Bxg4+ 31.
Kf2 Ne5 32. Qf6+ Kg8 33. Kg2 Be6 34. Ra1 Nxd3 35. Qxc3 Rxc3 36. cxd3 Rxd3 $17 {
Becerra Rivero,J (2510)-Gallego,V (2395) Anibal op Linares 1997 (2) 1/2
vergleiche mit gleicher Materialverteilung in dieser CBM Ausgabe} 37. Rfc1 Rd6
(37... Re3 $142 $5 {Baburin} 38. Rxa6 Rxe4) (37... Rh3 $142 $5 {Baburin}) 38.
Rc7 b4 39. Ra7 b3 (39... Bc4) 40. R7xa6 Rd2+ 41. Kg3 Rd3+ 42. Kf2 b2 43. Rb1
Rh3 44. Rb6 Rxh4 45. Ke3 Rg4 46. Rb5 Bd7 47. Rd5 Bc6 48. Rd8+ Kg7 49. Rxb2 Rxg5
50. Rb6 Rg3+ 51. Kd4 Ba4 52. Ra8 Bc2 53. Rb2 Bd1 54. Rbb8 Bg4 55. Rh8 Kf6 56.
Ra5 Be6 57. Rb5 Rh3 58. Ra8 h4 59. Ra1 g5 60. Rf1+ Kg6 61. Rb8 Kg7 62. Ke5 Rg3
63. Rd1 Ra3 64. Rdd8 Ra5+ 65. Kd6 Kf6 66. Rh8 Ra6+ 67. Kc5 Ke5 68. Rbg8 f6 69.
Rg6 Bd7 70. Rh7 Rc6+ 71. Kb5 Be8 72. Rgg7 Re6+ 73. Kc5 Bc6 74. Rh6 Bxe4 75. Rg8
Bg2 76. Rxh4 gxh4 77. Rxg2 Kf4 78. Kd4 h3 79. Rg6 h2 80. Rh6 Kg3 81. Kd3 f5 82.
Rh8 Rg6 0-1

[Event "Sigeman & Co 07th"]
[Site "Malmo"]
[Date "1999.06.17"]
[Round "9"]
[White "De Firmian, Nick E"]
[Black "Karlsson, Lars"]
[Result "0-1"]
[WhiteElo "2610"]
[BlackElo "2470"]
[Annotator "Schulz,Andre"]
[PlyCount "56"]
[EventDate "1999.06.??"]
[EventType "tourn"]
[EventRounds "9"]
[EventCountry "SWE"]
[EventCategory "14"]
[SourceTitle "CBM 072"]
[Source "ChessBase"]
[SourceDate "1999.10.01"]
[SourceVersion "1"]
[SourceVersionDate "1999.10.01"]
[SourceQuality "1"]

1. e4 c5 2. Nf3 d6 3. d4 cxd4 4. Nxd4 Nf6 5. Nc3 g6 6. Be3 Bg7 7. f3 Nc6 8. Qd2
Bd7 ({Üblich ist} 8... O-O) 9. O-O-O ({Mit} 9. Bc4 O-O {wäre per Zugumstellung
die alte Hauptvariante erreicht.}) 9... h5 $5 {Ein sehr selten gespielter Zug,
der g2-g4 verhindert. Ähnliche Ideen gibt es auch im Englischen Angriff der
Najdorf Verteidigung.} (9... Rc8 10. g4 h5 {wurde gelegentlich von Tiviakov
gespielt.}) 10. Bc4 ({Prinzipiell ist} 10. h3 $5 Z0 11. f4 $140 {und Angriff
im Zentrum.}) 10... Ne5 11. Bb3 Rc8 {Normalerweise rochiert Schwarz in der
Drachenvariante ziemlich früh, um sich dann gegen den heftigen weißen
Königsangriff zu wehren. Warum nicht einfach mal in der Mitte stehen bleiben
wie in anderen Sizilianischen Varianten auch?} 12. Bg5 Nc4 13. Qd3 (13. Bxc4
Rxc4 14. Nb3 (14. Nde2) 14... b5 $11) 13... Ne5 14. Qe2 $2 {Versperrt den
Zugang zum Feld c4. Da die Schablone Lh6 sowieso keine Option ist, solange
Schwarz nicht rochiert, scheint die weiße Dame auf d2 im Moment entbehrlich.
In Wirklichkeit verteidigt die Dd2 aber auch den Sc3.} (14. Qd2 Nc4 {ist eine
mögliche Remisschaukel.}) 14... Rxc3 $1 (14... O-O 15. h3 Z0 16. f4 $140 $16)
15. bxc3 Qa5 16. Kb1 O-O {Die gleiche Stellung gibt es häufig in der Datenbank
- wenn man den weißen h-Bauern nach h4 stellt, die beiden schwarzfeldrigen
Läufer entfernt und die weiße Dame nach h6 stellt. Es ist die Stellung die in
der Hauptvariante nach nach 9.Lc4 Tc8 10.Lb3 Se5 11.h4 h5 12.Lh6 Lxh6 13.Dxh6
Txc3 14.bxc3 Da5 15.Kb1 ensteht.  Die schwarze Stellung ist identisch, aber
Weiß ist mit seinem Angriff noch nicht soweit.} 17. h3 (17. Qd2 {um
nachträglich in die üblichen Schablonen zu kommen ist vermutlich auch zu
langsam. Schwarz spielt} b5 {und dann so ähnlich wie in der Partiefolge.})
17... b5 18. g4 Nc4 19. Bxc4 (19. Bc1 $5 Qxc3 20. Qe1 $15 {Diese Endspiel mit
Mehrbauer ist erfahrungsgemäß auch mit Minusbauer angenehm für Schwarz.}) 19...
bxc4 20. Qe3 Rc8 21. gxh5 (21. Ka1 Rc5 $36 {[%cal Rc5g5]}) 21... Qa3 (21... Qa3
22. Z0 $140 Nd5 23. exd5 Bxd4 24. cxd4 Rb8+ 25. Ka1 Qb2#) 22. Ka1 Rc5 23. Rb1
Rxg5 $1 24. Rb8+ Kh7 25. hxg6+ fxg6 (25... Rxg6 $17) 26. Qxg5 (26. Ne2 Rg2 $19)
(26. Rb2 Rg2 $17) 26... Qxc3+ 27. Kb1 $2 ({Besser} 27. Rb2 Qxd4 28. Rhb1 $17 (
28. Rg1 Qxb2+ 29. Kxb2 Nxe4+ $19)) 27... Qxd4 28. Rg1 $2 Ng4 {[%cal Rd4a1,
Rd4g1]} 0-1

[Event "World Women-ch"]
[Site "Manila"]
[Date "1991.??.??"]
[Round "9"]
[White "Xie, Jun"]
[Black "Chiburdanidze, Maia"]
[Result "1/2-1/2"]
[WhiteElo "2465"]
[BlackElo "2495"]
[Annotator "Schussler,H"]
[PlyCount "82"]
[EventDate "1991.09.??"]
[EventType "match"]
[EventRounds "16"]
[EventCountry "PHI"]
[SourceTitle "CBM 026"]
[Source "ChessBase"]
[SourceDate "1992.02.01"]
[SourceVersion "1"]
[SourceVersionDate "1992.02.01"]
[SourceQuality "1"]

1. e4 c5 2. Nf3 d6 3. d4 cxd4 4. Nxd4 Nf6 5. Nc3 g6 6. Be3 Bg7 7. Qd2 Nbd7 8.
f3 a6 9. O-O-O b5 10. g4 Bb7 11. h4 Nb6 12. h5 Rg8 13. a3 Nfd7 14. hxg6 hxg6
15. Bh6 Bxh6 16. Rxh6 Ne5 17. Qh2 Qc7 18. Rh8 O-O-O 19. Rxg8 Rxg8 20. f4 Ned7 (
20... Nxg4 21. Bh3 f5 22. Bxg4 fxg4 23. Qh7 Qd8 24. Ne6 Qe8 25. Qh4) 21. Qh7
Rf8 22. g5 e5 23. fxe5 Nxe5 24. Kb1 Kb8 25. Be2 Rc8 26. Qh3 Qe7 27. Qg3 Nbc4
28. Bxc4 Nxc4 29. Nb3 Rh8 $1 (29... Qe5 30. Qxe5 dxe5 31. Rd7) 30. Nd2 Qe5 31.
Qd3 Nxd2+ 32. Qxd2 Rh5 33. Qxd6+ Qxd6 34. Rxd6 Rxg5 35. Rf6 Rg1+ 36. Ka2 Bc8
37. a4 bxa4 38. Nxa4 Rg5 39. b4 a5 40. Ka3 axb4+ 41. Kxb4 Re5 1/2-1/2

[Event "EU-chT (Men) 19th"]
[Site "Warsaw"]
[Date "2013.11.16"]
[Round "8.4"]
[White "Areshchenko, Alexander"]
[Black "Jobava, Baadur"]
[Result "0-1"]
[WhiteElo "2720"]
[BlackElo "2695"]
[Annotator "Szabo,Kr"]
[PlyCount "96"]
[EventDate "2013.11.08"]
[EventType "team-swiss"]
[EventRounds "9"]
[EventCountry "POL"]
[SourceTitle "CBM 158"]
[Source "ChessBase"]
[SourceDate "2014.01.16"]
[SourceVersion "1"]
[SourceVersionDate "2014.01.16"]
[SourceQuality "1"]
[WhiteTeam "Ukraine"]
[BlackTeam "Georgia"]
[WhiteTeamCountry "UKR"]
[BlackTeamCountry "GEO"]

1. e4 c5 2. Nf3 d6 3. d4 Nf6 4. Nc3 cxd4 5. Nxd4 g6 6. Be3 Bg7 7. f3 a6 {
Usually in the Dragon this move is too slow for Black to create a counterplay.}
(7... O-O) ({and} 7... Nc6 {are the most common main lines.}) 8. Qd2 h5 {
I would not say that this is a good move, but an interesting way of avoiding
the g4 attacking plan.} (8... Nbd7) 9. Bc4 (9. O-O-O {is another main move,}
Nbd7 10. Bg5 Qc7 11. Bd3 b5 12. Rhe1 Bb7 13. Nd5 $1 Bxd5 (13... Nxd5 14. exd5
$16) 14. exd5 Ne5 (14... Nxd5 $2 15. Bxg6 $18) 15. f4 $1 Nxd3+ 16. Qxd3 $16 {
Motylev-A.Hernandez, Minneapolis 2005.}) 9... Nbd7 (9... b5 10. Bb3) 10. O-O-O
b5 (10... Qc7 $6 11. Bb3 b5 {(Carlsen-Labarta Gonzalez, Madrid sim 2008)} 12.
Nd5 $1 Nxd5 13. Nxb5 $1 {a brilliant tactical blow.} axb5 14. Qxd5 $16 {
and White wins material.}) 11. Bb3 Bb7 12. Kb1 (12. a3 Rc8 13. Kb1 Ne5 14. Rhe1
Nc4 (14... O-O $6 15. Bh6 Rc5 (15... Bxh6 $6 16. Qxh6 Rxc3 17. bxc3 Qc8 18. f4
Nc4 19. f5 $18 {and White has a winning attack, Vescovi-Kudrin, Philadelphia
2006.})) (14... Nfd7 15. Nd5 $36) 15. Bxc4 Rxc4 {with a difficult middlegame.})
12... Rc8 13. h3 (13. Rhe1 O-O (13... Qc7 14. Nd5 Nxd5 15. exd5 Nf6 16. Bg5 $1
Qd7 {(Velicka-Romero Holmes, Evora 2007)} 17. f4 $1 {and the black K is in a
big trouble.}) 14. Bh6 Rc5 15. h3 (15. g4 hxg4 16. Rg1 Ne5 17. Bxg7 Kxg7 $13 {
and Black hasn't got any problem, Aaron-Shabalov, Arlington 2010.}) 15... h4
16. Bxg7 Kxg7 17. f4 $14) 13... Ne5 $146 {This was only the first new move in
the game. Jobava simply ignores White's g4 play.} (13... h4 14. Rhe1 Rh5 15.
Nde2 a5 16. Nf4 Re5 {(Pitl-Kulaots, Gausdal 2006)} 17. a4 $5 bxa4 18. Bxa4 {
followed by Bd4.}) 14. Rhe1 ({In case of} 14. g4 Qc7 {and it is not so easy to
continue with White.}) 14... Nc4 15. Bxc4 Rxc4 (15... bxc4 16. Nde2 $14 {
followed by Bd4.}) 16. Nb3 {A natural reply, but} (16. e5 $1 {was the
strongest move} dxe5 17. Nf5 Qxd2 18. Nxg7+ Kf8 19. Bxd2 e4 $5 (19... Kxg7 20.
Rxe5 e6 21. a4 bxa4 22. Ra5 $14) 20. b3 Rc8 21. Ne6+ fxe6 22. Nxe4 {and White
has a comfortable endgame.}) 16... Qc7 17. Bd4 O-O 18. e5 $6 {A inaccuracy,
missing Black's 19-th move.} (18. g4 Rc8 (18... b4 19. Nd5 Bxd5 20. exd5 Rc8
21. Re2 Qd7 $13) 19. Re2 e5 20. Be3 b4 21. Na4 Rc6 {and still this is a
difficult fight.}) 18... dxe5 19. Bxe5 Ne4 $1 {A very nice tactical stroke.}
20. Bxc7 (20. Rxe4 Bxe5 21. Nd5 Bxd5 22. Qxd5 Bf6 $15 {and Black looks nicely
placed.}) 20... Nxd2+ 21. Rxd2 Bxc3 22. bxc3 Rxc7 $15 {Black position is
already more comfortable.} 23. Kb2 Rfc8 24. Re3 Kg7 25. Na5 Ba8 26. a3 Kf6 27.
h4 e6 28. Rd6 g5 29. hxg5+ Kxg5 30. Rxa6 Kf4 31. Re2 h4 32. Rb6 h3 33. Rxb5
hxg2 34. Rxg2 Bxf3 {Now Black's pawns are very dangerous with the K and the B.
White's position is very difficult to defend.} 35. Rb4+ Ke3 36. Rh2 e5 37. Nb3
f5 38. a4 Rxc3 39. a5 $6 ({Maybe} 39. Rb5 {was the best defence} Kf4 40. a5
R3c6 $15) 39... f4 40. a6 Be4 (40... Ba8 $1 $19 {was the easiest win.}) 41. a7
R3c7 42. Rb5 (42. Na1 Rb7 $1 (42... Rxa7 $2 43. Rb3+) (42... f3 43. Rb3+ Kf4
44. Rh4+ Kf5 45. Rxe4 Kxe4 46. Rb8 Rxa7 47. Rxc8 f2 48. Nb3 Ke3 49. Rf8 e4 50.
c4) 43. Rxb7 Bxb7 44. c4 Kd3 {and White's position is hopeless.}) 42... Rxc2+
43. Rxc2 Rxc2+ 44. Ka3 Rc7 45. Rxe5 Rxa7+ 46. Kb4 Rd7 47. Nc5 Rd4+ 48. Kc3 f3 {
A nice victory by Jobava!} 0-1

[Event "Nordic zt"]
[Site "Ostersund"]
[Date "1992.??.??"]
[Round "2"]
[White "Hellers, Ferdinand"]
[Black "Ernst, Thomas"]
[Result "1-0"]
[WhiteElo "2510"]
[BlackElo "2540"]
[Annotator "Tisdall,J"]
[PlyCount "85"]
[EventDate "1992.??.??"]
[EventType "swiss"]
[EventRounds "9"]
[EventCountry "NOR"]
[SourceTitle "CBM 031"]
[Source "ChessBase"]
[SourceDate "1992.12.01"]
[SourceVersion "1"]
[SourceVersionDate "1992.12.01"]
[SourceQuality "1"]

1. e4 c5 2. Nf3 d6 3. d4 cxd4 4. Nxd4 Nf6 5. Nc3 g6 6. Be3 Bg7 7. f3 Nc6 8. Bc4
Qb6 9. Nf5 Qxb2 10. Nxg7+ Kf8 11. Nd5 Kxg7 $6 {Another Ernst pet, though
theory favors} (11... Nxd5 {when white is obliged to recapture on d5 with the
B due to Qc3+.}) 12. Rb1 Qa3 13. Qd2 h5 14. O-O Qa5 {An old suggestion to
improve on} (14... Rb8 $2 15. Nxe7 $3 Be6 (15... Nxe7 16. Rb3 Qa4 17. Bb5 Qxa2
18. Bd4 $1 $18) 16. Nd5 Na5 17. Bd4 $1 Nxc4 18. Qg5 Ne5 19. Qxf6+ Kh6 20. f4
Rhe8 21. Qg5+ {1-0, L. Stein - Pelikan, Mar del Plata 1966.}) 15. c3 Nxd5 16.
exd5 Ne5 17. Bd4 {Probably stronger than Gufeld's suggested 17.Qd4.} f6 18.
Rfe1 Nxc4 $6 {Ernst takes predictability to absurd lengths. In the Manila Ol
he claimed this move was an improvement over his game with Klovans. In the
meantime, teammate Jonny Hector had reached a different conclusion and shown
it to Hellers.} 19. Rxe7+ Kf8 20. Qf4 Bf5 (20... Kxe7 21. Qxf6+ Ke8 (21... Kd7
22. Qg7+) 22. Qxh8+ Kd7 23. Qg7+ Ke8 24. Re1+ Ne5 25. Bxe5 dxe5 26. Rxe5+) 21.
Rbxb7 Ne5 22. Be3 $1 {This move, threatening Qh6+!, was Hector's innovation.
According to Hellers they had worked it out to a winning bishops of opposite
colors ending!.} Kg8 23. Rg7+ Kf8 24. Rge7 Kg8 25. Rg7+ Kf8 26. Rxg6 $1 Qxd5 $6
(26... Bxg6 27. Qxf6+ Nf7 28. Rxf7+ Bxf7 29. Qxh8+ Bg8 30. Bh6+ Ke7 31. Qg7+
Bf7 32. Bg5+ Ke8 33. Qh8+ Kd7 34. Qxa8 $16) 27. Rxf6+ Ke8 28. Qxf5 {Simplest
-- White emerges with a decisive material advantage.} Qxb7 29. Re6+ Kd8 30.
Bg5+ Kc7 31. Re7+ Kb8 32. Rxb7+ Kxb7 33. Be7 Rac8 34. Bxd6 Nc4 35. Be5 Nb6 36.
Bd4 Rh6 37. h4 Rc7 38. Kh2 Rhh7 39. Kh3 Rce7 40. a4 Kc7 41. a5 Nc8 42. Bc5 Nd6
43. Qg6 1-0